| 000 | 01483cam a22003494a 4500 | ||
|---|---|---|---|
| 005 | 20260205131206.0 | ||
| 008 | 010717s2001 mdu b 001 0 eng | ||
| 020 | _a0801868637 | ||
| 020 | _a9780801868634 | ||
| 040 |
_aKABLIB _cKABLIB _erda |
||
| 082 | 0 | 0 |
_a324.2 _223 _bPOL |
| 245 | 0 | 0 |
_aPolitical parties and democracy / _cedited by Larry Diamond and Richard Gunther. |
| 260 |
_aBaltimore, MD : _bJohns Hopkins University Press, _cc2001. |
||
| 300 |
_axxxiv, 356 p. ; _c23 cm. |
||
| 336 |
_atext _btxt _2rdacontent |
||
| 337 |
_aunmediated _bn _2rdamedia |
||
| 338 |
_avolume _bnc _2rdacarrier |
||
| 440 | 0 |
_aJournal of democracy book _915315 |
|
| 504 | _aIncludes bibliographical references and index. | ||
| 650 | 0 |
_aPolitical parties. _910230 |
|
| 650 | 0 | _aDemocracy. | |
| 650 | 0 | _aPolitical science. | |
| 700 | 1 |
_aDiamond, Larry Jay. _915184 |
|
| 700 | 1 |
_aGunther, Richard. _915316 |
|
| 856 | 4 | 2 |
_3Contributor biographical information _uhttp://www.loc.gov/catdir/bios/jhu052/2001038464.html |
| 856 | 4 | 1 |
_3Table of contents _uhttp://www.loc.gov/catdir/toc/jhu051/2001038464.html |
| 856 | 4 | 2 |
_3Publisher description _uhttp://www.loc.gov/catdir/description/jhu051/2001038464.html |
| 906 |
_a7 _bcbc _corignew _d1 _eocip _f20 _gy-gencatlg |
||
| 942 |
_2ddc _cBOOK |
||
| 999 |
_c6048 _d6048 |
||